Fundamentals of management coordination (Record no. 63361)

MARC details
000 -LEADER
fixed length control field 00777nam a2200181 a 4500
008 - FIXED-LENGTH DATA ELEMENTS--GENERAL INFORMATION
fixed length control field 080109s1975 ||||||||||||||||| || u
050 ## - LIBRARY OF CONGRESS CALL NUMBER
Classification number HD 31 Pet
100 ## - MAIN ENTRY--PERSONAL NAME
Personal name Petit, Thomas A
245 10 - TITLE STATEMENT
Title Fundamentals of management coordination
246 ## -
-- supervisors, middle managers, and executives
260 ## - PUBLICATION, DISTRIBUTION, ETC.
Place of publication, distribution, etc. New York
Name of publisher, distributor, etc. John Wiley and Sons
Date of publication, distribution, etc. 1975
300 ## - PHYSICAL DESCRIPTION
Extent xiv, 511p. : ill.
350 ## -
-- 0.00
650 #0 - SUBJECT ADDED ENTRY--TOPICAL TERM
Topical term or geographic name entry element MANAGEMENT
650 ## - SUBJECT ADDED ENTRY--TOPICAL TERM
Topical term or geographic name entry element MANAGEMENT COORDINATION
995 ## -
-- MAIN LIBRARY OPEN ACCESS
-- 0.00
-- 706407
-- CBU-MAIN LIBRARY (Kitwe)
-- 1
-- 0.00
-- HD 31 Pet
-- 1
-- AVAILABLE
-- 003393
-- Main Library Open Access Collection
995 ## -
-- MAIN LIBRARY OPEN ACCESS
-- 0.00
-- 729386
-- CBU-MAIN LIBRARY (Kitwe)
-- 2
-- 0.00
-- HD 31 Pet
-- 2
-- AVAILABLE
-- 021393
-- Main Library Open Access Collection
999 ## -
-- 63361
-- 63361
Holdings
Withdrawn status Lost status Source of classification or shelving scheme Damaged status Not for loan Permanent Location Current Location Shelving location Date acquired Total Checkouts Full call number Barcode Date last seen Price effective from Koha item type
          CBU-MAIN LIBRARY, KITWE. CBU-MAIN LIBRARY, KITWE.   12/24/2022   HD 31 Pet 003393 12/24/2022 12/24/2022 MONOGRAPH
          CBU-MAIN LIBRARY, KITWE. CBU-MAIN LIBRARY, KITWE.   12/24/2022   HD 31 Pet 021393 12/24/2022 12/24/2022 MONOGRAPH